000 00577cam a2200217 4500
001 1292756
005 20180205093700.0
008 720324s1972 mdua b 001 0 eng
010 _a 76186514
020 _a0801813549
040 _aDLC
_cDLC
_dDLC
041 _aeng
080 _a701.17 GOM
082 0 0 _a701.17 GOM
100 1 _a44
101 _aART
245 1 0 _aArt, perception and reality
_c[by] E. H. Gombrich, Julian Hochberg [and] Max Black.
504 _aIncludes bibliographies.
906 _a7
_bcbc
_corignew
_d1
_encip
_f19
_gy-gencatlg
942 _2ddc
_cBK
999 _c41836
_d41836